BIBLIOTECA PODER JUDICIAL
Portal Judicial TDF

Principio de igualdad y concurrencia en procesos licitatorios : (Registro nro. 6171)

000 -LEADER
fixed length control field 01199nabaa22002417a 4500
003 - CONTROL NUMBER IDENTIFIER
control field OSt
005 - DATE AND TIME OF LATEST TRANSACTION
control field 20260123220313.0
008 - FIXED-LENGTH DATA ELEMENTS--GENERAL INFORMATION
fixed length control field 190701b xxu||||| |||| 00| 0 spa d
040 ## - CATALOGING SOURCE
Transcribing agency PJ
100 ## - MAIN ENTRY--PERSONAL NAME
9 (RLIN) 6912
Personal name Gandur, José A.
245 10 - TITLE STATEMENT
Title Principio de igualdad y concurrencia en procesos licitatorios :
Remainder of title limitación al alcance del vicio en el procedimiento administrativo /
Statement of responsibility, etc José A. Gandur.
300 ## - PHYSICAL DESCRIPTION
Extent p. 339-346
500 ## - GENERAL NOTE
General note Cita: TR LALEY AR/DOC/360/2024
505 ## - FORMATTED CONTENTS NOTE
Formatted contents note Sumario: I. Introducción.— II. Fallo.— III. Fundamentos fácticos y jurídicos.— IV. Vicio en el procedimiento.— V. Conclusión.
505 ## - FORMATTED CONTENTS NOTE
Formatted contents note Fallo comentado: CNFed. Contenciosoadministrativo, sala II ~ 24/10/2023 ~ Transport & Services SA c. EN - M Seguridad s/ proceso de conocimiento.
505 ## - FORMATTED CONTENTS NOTE
Title ¿Te interesa el texto completo? Comunicate al correo: koha@justierradelfuego.gov.ar
650 #0 - SUBJECT ADDED ENTRY--TOPICAL TERM
9 (RLIN) 211
Topical term or geographic name as entry element DERECHO ADMINISTRATIVO
650 #0 - SUBJECT ADDED ENTRY--TOPICAL TERM
9 (RLIN) 1135
Topical term or geographic name as entry element PROCEDIMIENTO ADMINISTRATIVO
650 #0 - SUBJECT ADDED ENTRY--TOPICAL TERM
9 (RLIN) 1237
Topical term or geographic name as entry element IGUALDAD ANTE LA LEY
653 ## - INDEX TERM--UNCONTROLLED
Uncontrolled term VICIO PROCESAL
773 0# - HOST ITEM ENTRY
Host Biblionumber 2842
Host Itemnumber 3251
Place, publisher, and date of publication Buenos Aires : AbeledoPerrot, 2012-
Other item identifier DA121
Title Derecho administrativo. Nº 152 marzo/abril 2024
International Standard Book Number 18510590
942 ## - ADDED ENTRY ELEMENTS (KOHA)
Source of classification or shelving scheme
Koha item type Analítica Artículo de Revista

No hay ítems disponibles.

12 de Octubre 789 Ushuaia - Tel:  54(02901)441571
Horario de Atención: 8.00 a 17.00 hs. 
bibliotecaush@justierradelfuego.gov.ar
koha@justierradelfuego.gov.ar
Seguinos en nuestras redes @bibliojustdf 

Con tecnología Koha